Psicofarmacología psicodinámica III: nuevos enfoques clínico-terapeúticos
محفوظ في:
| المؤلف الرئيسي: | |
|---|---|
| التنسيق: | كتاب |
| اللغة: | الإسبانية |
| منشور في: |
Buenos Aires
Paidós
1994
|
| الطبعة: | 3a. ed |
| سلاسل: | Biblioteca de Psicología, Psiquiatría y Psicoterapia, 139
|
| الموضوعات: | |
| الوسوم: |
إضافة وسم
لا توجد وسوم, كن أول من يضع وسما على هذه التسجيلة!
|
MARC
| LEADER | 00000nam a2200000 a 4500 | ||
|---|---|---|---|
| 001 | UCY5523 | ||
| 003 | CL-VaPUC | ||
| 008 | 950511e19940000AG |||||||||||||||||spa|d | ||
| 082 | 0 | 4 | |a 615.78 |b MOI |2 21 |
| 100 | |a Moizeszowicz, Julio |e autor |9 601503 | ||
| 245 | 1 | 0 | |a Psicofarmacología psicodinámica III: nuevos enfoques clínico-terapeúticos |
| 250 | |a 3a. ed | ||
| 300 | |a 833 p | ||
| 942 | |c BK | ||
| 945 | |d 19950511 00:00:00 |a awong | ||
| 260 | |a Buenos Aires |b Paidós |c 1994 | ||
| 650 | 7 | |a PSICOFARMACOLOGIA |2 CL-VaPUC |9 323298 | |
| 650 | 0 | |a Farmacología |9 269634 | |
| 650 | 0 | |a Drogadicción |9 331967 | |
| 650 | 7 | |a PRODUCTOS FARMACEUTICOS |2 CL-VaPUC |9 334377 | |
| 583 | |a last modification |c 19950511 00:00:00 |k Rodrigo Vera | ||
| 490 | 0 | |a Biblioteca de Psicología, Psiquiatría y Psicoterapia, 139 | |
| 999 | |c 233175 |d 233173 | ||
| 952 | |0 0 |1 0 |4 0 |6 615_780000000000000_MOI_1994 |7 0 |8 A |9 238451 |a BIBEDU |b BIBEDU |d 2019-11-18 |i 308258K |o 615.78 MOI 1994 |p 308258K |r 2019-11-18 |w 2019-11-18 |y BK |k PSI | ||